Career and college readiness counseling in P-12 schools /

Bibliographic Details
Main Authors: Curry, Jennifer (Jennifer R.) (Author), Milsom, Amy (Author)
Corporate Author: EBSCOhost
Format: eBook
Language:English
Published: New York, NY : Springer Publishing Company, LLC, [2022]
Edition:Third edition.
Subjects:
Online Access:Connect to the full text of this electronic book

MARC

Tag First Indicator Second Indicator Subfields
LEADER 00000nam a2200000 i 4500
001 in00005650049
003 OCoLC
006 m o d
007 cr |||||||||||
008 210804s2022 nyua ob 001 0 eng
005 20250816191952.3
010 |a  2021033829 
020 |a 9780826186744  |q electronic book 
020 |a 0826186742  |q electronic book 
020 |z 9780826186737  |q hardcover 
024 8 |a 90102064989 
035 |a (OCoLC)1263251092 
040 |a DLC  |b eng  |e rda  |c DLC  |d OCLCO  |d OCLCF  |d EBLCP  |d OCLCO  |d YDX 
042 |a pcc 
050 4 |a LC1037  |b .C875 2022 
082 0 0 |a 370.113  |2 23 
100 1 |a Curry, Jennifer  |q (Jennifer R.),  |e author. 
245 1 0 |a Career and college readiness counseling in P-12 schools /  |c Jennifer R. Curry, PhD, NCC, Amy Milsom, DEd, LPC-S, NCC. 
250 |a Third edition. 
264 1 |a New York, NY :  |b Springer Publishing Company, LLC,  |c [2022] 
300 |a 1 online resource () :  |b illustrations. 
336 |a text  |b txt  |2 rdacontent 
337 |a computer  |b c  |2 rdamedia 
338 |a online resource  |b cr  |2 rdacarrier 
341 0 |a textual  |2 sapdv  |3 EBSCOhost 
504 |a Includes bibliographical references and index. 
505 0 |a Cover -- Half Title: CAREER AND COLLEGE READINESS COUNSELING IN P-12 SCHOOLS -- Author Bio -- Title: CAREER AND COLLEGE READINESS COUNSELING IN P-12 SCHOOLS -- Copyright -- Dedication -- Contents -- Contributors -- Preface -- Acknowledgments -- Chapter 1: P-12 CAREER AND -COLLEGE READINESS: -ECOSYSTEMIC, DEVELOPMENTAL CONSIDERATIONS -- INTRODUCTION -- CURRENT TRENDS IN CAREER AND COLLEGE READINESS -- FEDERAL INITIATIVES -- AN ECOSYSTEMS APPROACH TO P-12 CAREER AND COLLEGE READINESS -- HISTORICAL DEVELOPMENTS IN CAREER THEORY RELATED TO CHILDREN AND ADOLESCENTS 
505 8 |a CAREER AND COLLEGE READINESS SKILLS -- THE ROLES OF STAKEHOLDERS IN CAREER AND COLLEGE READINESS -- HOW TO USE THIS BOOK TO PREPARE FOR P-12 CAREER AND COLLEGE READINESS PROGRAMMING IN SCHOOLS -- SUMMARY -- Chapter 2: P-12 CAREER AND -COLLEGE READINESS: -PREPARING ALL STUDENTS FOR A -POSTSECONDARY PLAN -- INTRODUCTION -- THE SCHOOL COUNSELOR'S ROLE: CREATING A CAREER AND COLLEGE READINESS CULTURE -- DOES COLLEGE PAY OFF? -- ADVISING THE COLLEGE-BOUND STUDENT -- THE CAREER-BOUND STUDENT -- RESOURCES TO HELP STUDENTS CHOOSE AND APPLY TO COLLEGE -- FINAL THOUGHTS -- SUMMARY 
505 8 |a Chapter 3: P-12 CAREER AND COLLEGE READINESS: PROFESSIONAL PREPARATION -- INTRODUCTION -- CAREER AND COLLEGE READINESS COUNSELING COMPETENCIES -- PREPARATION FOR PROVIDING CAREER AND COLLEGE READINESS INTERVENTIONS IN SCHOOLS -- SUMMARY -- Chapter 4: P-12 Career and College Readiness: Cultural Considerations -- INTRODUCTION -- SPECIAL POPULATION CONSIDERATIONS -- ADVOCACY AND EQUITY IN P-12 CAREER AND COLLEGE READINESS -- SUMMARY -- Chapter 5: P-12 Career and College -Readiness: Assessment and Evaluation -- INTRODUCTION -- PURPOSE OF CAREER AND COLLEGE READINESS ASSESSMENT 
505 8 |a CHOOSING CAREER AND COLLEGE READINESS ASSESSMENTS -- CAREER AND COLLEGE READINESS ASSESSMENTS -- USING ASSESSMENT RESULTS: EVALUATION -- SUMMARY -- Chapter 6: P-12 CAREER AND COLLEGE READINESS: CURRICULUM DEVELOPMENT -- INTRODUCTION -- CHOOSING A CURRICULUM FOUNDATION -- WRITING CURRICULUM OBJECTIVES -- CHOOSING INTERVENTIONS AND WRITING LESSON PLANS -- IMPLEMENTING THE CURRICULUM -- ASSESSING OUTCOMES -- SUMMARY -- Chapter 7: CAREER AND COLLEGE -READINESS FOR GRADES P-1: EXPOSURE AND AWARENESS -- INTRODUCTION -- CAREER AND COLLEGE READINESS FOR PreK, KINDERGARTEN, AND FIRST GRADE 
505 8 |a DEVELOPMENTAL OVERVIEW -- RELEVANT CAREER THEORY FOR PreK, K, AND FIRST-GRADE STUDENTS: GOTTFREDSON (1981) AND YOUNG (1983) -- PLAY TECHNIQUES AND CAREER AND COLLEGE EXPOSURE FOR P-1 STUDENTS -- THE SCHOOL COUNSELOR AND THE CORE COUNSELING CURRICULUM -- IMPORTANCE OF STAKEHOLDERS -- SUMMARY -- Chapter 8: CAREER AND COLLEGE -READINESS FOR GRADES 2 AND 3: CAREER PLAY AND EXPLORATION -- INTRODUCTION -- DEVELOPMENTAL OVERVIEW -- RELEVANT CAREER AND SYSTEMS THEORY: BOURDIEU (1977) AND GOTTFREDSON (1981) -- THE SCHOOL COUNSELOR AND CORE COUNSELING CURRICULUM -- IMPORTANCE OF STAKEHOLDERS -- SUMMARY 
532 0 |3 EBSCOhost  |a "EBSCO evaluates our products based on the Web Content Accessibility Guidelines (WCAG) and the related Section 508 and EN 301 549 regulations in the US and EU. Most EBSCO products are substantially conformant with WCAG 2.2 level AA." Source: https://connect.ebsco.com/s/article/EBSCO-VPATs?language=en_US. Last accessed April 22, 2025. 
588 |a Description based on online resource; title from digital title page (viewed on February 18, 2022). 
650 0 |a Career education  |x Curricula  |x Planning. 
650 0 |a Counseling in elementary education. 
650 0 |a Counseling in secondary education. 
650 0 |a Vocational guidance. 
650 7 |a Counseling in elementary education.  |2 fast  |0 (OCoLC)fst00881258 
650 7 |a Counseling in secondary education.  |2 fast  |0 (OCoLC)fst00881274 
650 7 |a Vocational guidance.  |2 fast  |0 (OCoLC)fst01168579 
655 7 |a Electronic books.  |2 local 
700 1 |a Milsom, Amy,  |e author. 
710 2 |a EBSCOhost 
776 1 8 |i Print version:  |a Curry, Jennifer  |t Career and college readiness counseling in P-12 schools  |b Third edition.  |d New York, NY : Springer Publishing, [2022]  |z 9780826186737  |w (DLC) 2021033828 
856 4 0 |u http://proxy.library.tamu.edu/login?url=https://search.ebscohost.com/login.aspx?direct=true&scope=site&db=nlebk&db=nlabk&AN=3074901  |z Connect to the full text of this electronic book  |t 0 
945 |b 447547 
955 |a YBP purchased firm e-records 
980 |b usergen  |c 90102064989  |g 565754  |k USD  |m 525.14  |o Summer 2025 Textbook  |p EPSY:604;299/700;Ojeda  |q 1  |s AcqMono Conventional  |t Purchase at vendor system  |u Vendor order reference number  |v ZYBP  |y Staff - electronic  |z Electronic resource 
999 f f |i fa45c890-766e-4f66-b1d5-4e862319d48a  |s f52fb98b-acf0-41d3-a6a0-5f99e863a259  |t 0 
952 f f |a Texas A&M University  |b College Station  |c Electronic Resources  |d Available Online  |t 0  |e LC1037 .C875 2022  |h Library of Congress classification 
998 f f |a LC1037 .C875 2022  |t 0  |l Available Online